000 00600nam a2200241Ia 4500
003 OSt
005 20221005035425.0
006 a|||||r|||| 00| 0
007 ta
008 221004b |||||||| |||| 00| 0 eng d
024 _a50545
037 _cTextual
040 _aCRL
_cCRL
_beng
041 _2eng
_aeng
082 _aQ1:24, M9
100 _aGeden A S
_924301
245 0 _aFundamentals philosophy of upanishads
260 _aDelhi
_bKanti
_c1989
300 _a429p
_ccm.
650 _aRELIGION
942 _hQ1:24, M9
_cTEXL
_2cc
999 _c945087
_d945087